000 nam a22 7a 4500
999 _c9346
_d9346
008 180127b ||||| |||| 00| 0 eng d
100 _aDeepa & Company
_9406
245 _aSocial Science -VII
260 _aNew Delhi